00000000nam##2200000za#4500
0019.603072
003CaOODSP
00520210624210904
007cr |||||||||||
008150406|2001||||xxc|||||o    f|0| 0 fre|d
040 |aCaOODSP|bfre
043 |an-cn---
0861 |aM92-213/2001F-PDF
1101 |aCanada. |bRessources naturelles Canada.
24513|aLa biomasse, source de chaleur et de bénéfices nets |h[ressource électronique]
260 |aOttawa - Ontario : |bRessources naturelles Canada |cc2001.
300 |a11p.|bfigures, photographies
4901 |aSérie sur la bioénergie |v1
500 |aLe n° de catalogue (M92-213/2001F) et l'ISBN (0-662-85736-4) de l'édition imprimée ont été incorrectement copiés dans l'édition électronique.
590 |a12-02-Supp|b2012-01-20
77508|tWarm up to biomass heating and improve your bottom line |w(CaOODSP)9.572806
7760#|tLa biomasse, source de chaleur et de bénéfices nets |w(CaOODSP)9.625624
830#0|aSérie sur la bioénergie ;|v1|w(CaOODSP)9.501107
85640|ahttp://publications.gc.ca|qPDF|s1002 Ko|uhttps://publications.gc.ca/collections/Collection/M92-213-2001F.pdf|y1